000 00329nam a2200097Ia 4500
008 220120s9999||||xx |||||||||||||| ||und||
100 _aDona saldona and ohers
_912837
245 0 _aDesign and fabrication of remote controlled weed cutting mac
260 _aCoorg Institute of Technology
_bPonnampet
_c2003
650 _aCOMPUTER SCIENCE
999 _c138437
_d138437